Mass Effect : Andromeda. Anihilace /
Román odehrávající se ve světě hry Mass Effect zachycuje boj posádky kolonizační lodi s neznámým virem.
Uloženo v:
| Série: | Mass Effect: Andromeda,
část 3 |
|---|---|
| Hlavní autor: | |
| Další autoři: | |
| Médium: | E-kniha |
| Jazyk: | Czech |
| Vydáno: |
Ostrava :
Fantom Print,
2021
|
| Vydání: | 1. vydání |
| Témata: | |
| Příbuzné jednotky: | Z cyklu::
Mass Effect: Andromeda |
| Tagy: |
Žádné tagy |
| LEADER | 02721nam a2200481 i 4500 | ||
|---|---|---|---|
| 001 | 311349 | ||
| 003 | CZ PrSKC | ||
| 005 | 20260601215704.0 | ||
| 007 | ta | ||
| 008 | 210604s2021 xr g 000 f cze | ||
| 015 | |a cnb003327040 | ||
| 020 | |a 9788075940827 |q (brožováno) | ||
| 035 | |a (OCoLC)1267680039 | ||
| 040 | |a ABG001 |b cze |e rda | ||
| 041 | 1 | |a cze |h eng | |
| 072 | 7 | |a 821.111(73)-3 |x Americká próza |2 Konspekt | |
| 080 | |a 821.111(73)-31 |2 MRF | ||
| 080 | |a (0:82-311.9) |2 MRF | ||
| 100 | 1 | |a Valente, Catherynne M., |d 1979- |7 xx0075071 |4 aut | |
| 240 | 1 | 0 | |a Annihilation. |l Česky |
| 245 | 1 | 0 | |a Mass Effect : |b Andromeda. |p Anihilace / |c Catherynne M. Valente ; překlad Zuzana Komprdová |
| 246 | 3 | 0 | |a Anihilace |
| 246 | 3 | 0 | |a Andromeda |
| 250 | |a 1. vydání | ||
| 264 | 1 | |a Ostrava : |b Fantom Print, |c 2021 | |
| 300 | |a 286 stran ; |c 21 cm | ||
| 336 | |a text |b txt |2 rdacontent | ||
| 337 | |a bez média |b n |2 rdamedia | ||
| 338 | |a svazek |b nc |2 rdacarrier | ||
| 500 | |a Přeloženo z angličtiny | ||
| 520 | 2 | |a Román odehrávající se ve světě hry Mass Effect zachycuje boj posádky kolonizační lodi s neznámým virem. |b Keelah Si’yah, kvarianská loď, jejíž jméno v překladu znamená cosi jako „při domovině, kterou snad jednoho dne najdu,“ pluje pokojně vesmírem ke svému cíli v galaxii Andromeda. Skoro až příliš pokojně na to, že loď poskytuje dočasný domov zástupcům mnoha nesourodých ras kolonistů. Je tedy překvapením, když začnou jednotliví kolonisté v kryospánku umírat? Když probuzená posádka objeví prvních 400 mrtvých drellů, dá se to svést na Kepralský syndrom. Když ale začnou umírat i zástupci ostatních, biologicky nekompatibilních, ras, je jasné, že něco není v pořádku. Lodní systémy začínají jeden po druhém selhávat a přeživší posádka musí najít pachatele dřív, než smrtící patogen ukončí i jejich životy. | |
| 546 | |a Český text | ||
| 655 | 7 | |a americké romány |7 fd131796 |2 czenas | |
| 655 | 7 | |a vědecko-fantastické romány |7 fd133847 |2 czenas | |
| 655 | 9 | |a American fiction |2 eczenas | |
| 655 | 9 | |a science fiction novels |2 eczenas | |
| 700 | 1 | |a Komprdová, Zuzana |7 jo2016922995 |4 trl | |
| 787 | 0 | 8 | |i Z cyklu: |t Mass Effect: Andromeda |g 3 |
| 900 | |a ABA001 |b 20 | ||
| 044 | |a xr | ||
| 910 | |a RBIT002 | ||
| 998 | |d 325974 |a https://core.palmknihy.cz/api/books/325974/cover?qtt70y |b https://core.palmknihy.cz/api/books/325974/cover/400?qtt70y |c https://core.palmknihy.cz/api/books/325974/cover/50?qtt70y |e 2027-01-07 |g 288 |i 9788075940827 |j https://core.palmknihy.cz/api/books/325974/preview.epub |l |q 49 |r 1 |s https://www.palmknihy.cz/kniha/325974 |t ebook |y 2021 |z 0 |v Mass Effect / Andromeda |w 3 | ||
| 999 | |d 311347 | ||